000 03307nac a2200313 a 4500
003 CO-PeBPM
005 20260409193500.0
007 ta
008 260409s2006 ck |||| |||| 00| 0 spa d
020 _a9789587044874
040 _aCO-PeBPM
_bspa
_cCO-PeBPM
_erda
041 _aspa
082 0 4 _aCo867 S192v
_222
100 1 _aSamper Pizano, Daniel
_eautor
245 1 0 _aViagra, chats y otras pendejadas del siglo XXI
_b: (62 recetas para hacer reír)
_c/ Daniel Samper Pizano
250 _aPrimera edición
264 _a Bogotá, Colombia :
_bEditora Aguilar, Altea, Taurus, Alfaguara, S.A.,
_c, 2006
300 _a 235 páginas
_c24 cm.
336 _2rdacontent
_atexto
_btxt
337 _2rdamedia
_asin mediación
_bn
338 _2rdacarrier
_avolumen
_bnc
505 _a- Viagra, chats y otras pendejadas del siglo XXl.-- ¡Duro con ellas, Sofía!.-- Se ruega no traducir.-- Retorno a las aulas.-- ¡Cuánto han cambiado las bodas!.-- Auténtica telefonía digital.-- Consejitos de belleza masculina.-- ¡Arre, mula!.-- Mi mujer quiere pegarme.-- Recuerdo con un solo ojo.-- Gusano con cebolla y tomate.-- Lo que tufo se llevó.-- Burro con estribos.-- Swingers.-- Yo y Catón.-- Manual para profesores cuchillas,-- ¿Sentados o acurrucados?.-- El hogar de Freddy y Lalo.-- Interjecciones.-- ¡Patricia es una santa!.-- Todo sobre la Navidad.-- La tenebrosa secta de los bebés.-- Carmen de Blanco.-- Deconstrucción del anglicismo.-- Te reconocí la voz.-- La bacinilla de Lucho.-- Mérmele, mérmele.-- Crucigrameros y crucigramistas.-- El tamaño no importa.-- Mirando y hablando.-- Ropa de marca.-- Véndese lengua.-- George and me.-- Con el rabillo del ojo.-- Mi testamento (4).-- La lejana tercera edad.-- Vaya regalitos.-- San Giacomo de internet, enter pro nobis.-- Un <<test>> ovalado.-- Prblimas de la mla letra.-- De las manchas, protégenos.-- Lo que dijo Uribe al papa.-- ¿Qué hace esa rata aquí?.-- Grandes disculpas chimbas.-- Un nuevo amanecer y cómo traducirlo.-- Pan para pan pan pan.-- Defensa de las pecas.-- Tiratizas.-- Lo que pasó entre Amor y Amistad.-- ¡Quite la mano de ahí!.-- Reiterados silábicos.-- Lágrimas de macho.-- Avisos eróticos.-- Matrimonio y felicidad.-- Vote por Younder Wiarenon.-- Norma y vida plena.-- 25 cosas que las mujeres adoran de los hombres.-- Una buena palmada.-- Chatarricemos y desratricemos.-- Lo que yo sé sobre los flavonides.-- No me toques a las zorras.-- Que hay en un nombre (el mío)
520 _aVeinticinco años después de haber publicado su primer libro de humor, Daniel Samper Pizano sigue siendo el columnista de prensa con mayor número de lectores y el crítico más lúcido de la realidad colombiana. Sus armas son un ojo de lince que le permite descubrir cosas que los demás no ven y un finísimo sentido del humor para contarlas. Durante el cuarto final del siglo XX, Samper dejó su testimonio risueño sobre las costumbres y sucesos de una agitada época. Ahora, con igual agudeza, abre las puertas del siglo XXI, sus maravillas y sus pendejadas. (tomado de la fuente)
650 1 7 _aHumorismo colombiano
_2LEMB
650 1 7 _aSociedad contemporánea - Humor
_2LEMB
650 1 7 _a Internet - Humor
_2LEMB
942 _2ddc
_n0
_cBK
999 _c107314
_d107314